Moscow Sting (Record no. 51704)

MARC details
000 -LEADER
fixed length control field 00570nam a2200157 a 4500
008 - FIXED-LENGTH DATA ELEMENTS--GENERAL INFORMATION
fixed length control field 130627s2009 ||||||||||||||||| || u
020 ## - INTERNATIONAL STANDARD BOOK NUMBER
International Standard Book Number 9780755345045
050 ## - LIBRARY OF CONGRESS CALL NUMBER
Classification number PR 6104 .R95 S85
100 ## - MAIN ENTRY--PERSONAL NAME
Personal name Dryden, Alex
245 10 - TITLE STATEMENT
Title Moscow Sting
Statement of responsibility, etc. by Alex Dryden
260 ## - PUBLICATION, DISTRIBUTION, ETC.
Place of publication, distribution, etc. London:
Name of publisher, distributor, etc. Headline Publishing Group
Date of publication, distribution, etc. 2009
300 ## - PHYSICAL DESCRIPTION
Extent 504p.
650 ## - SUBJECT ADDED ENTRY--TOPICAL TERM
Topical term or geographic name entry element SECRET SERVICE--GREAT BRITAIN--FICTION
650 ## - SUBJECT ADDED ENTRY--TOPICAL TERM
Topical term or geographic name entry element SECRET SERVICE--RUSSIA--FICTION
995 ## - RECOMMENDATION 995 [LOCAL, UNIMARC FRANCE]
-- CBU-MAIN LIBRARY (Kitwe)
-- 1
-- AVAILABLE
-- Jul 12, 2013
-- Fiction Collection
Holdings
Withdrawn status Lost status Source of classification or shelving scheme Damaged status Not for loan Home library Current library Shelving location Date acquired Total Checkouts Full call number Barcode Date last seen Date last checked out Price effective from Koha item type
          CBU-MAIN LIBRARY, KITWE. CBU-MAIN LIBRARY, KITWE.   11/30/2022 1 PR 6104 .R95 S85 744157 06/22/2026 04/29/2026 11/30/2022 MONOGRAPH